000 01138nam a2200253Ia 4500
999 _c38599
_d38599
001 4716
003 GE_BSU
005 20190724143918.0
008 181216s2010||||ge |||||||||||||| ||geo||
020 _a9789941906466
040 _cGE_BSU
041 _ageo
080 _a616.43(075.8) დ–27
100 _aდედოვი, ი.
_93303
245 _aენდოკრინოლოგია :
_bსახელმძღვ. /
_cი. დედოვი, გ. მელნიჩენკო, ვ. ფადეევი ; თარგმნის რედ. ალექსანდრე თავართქილაძე
264 _aთბილისი :
_bმთაწმინდელი ;
_c2010.
300 _a370 გვ. :
_bილ.;
_c22 სმ.
541 _h25 ლ.
653 _aენდოკრინოლოგია
700 _aმელნიჩენკო, გ.
_eავტორი
_93304
700 _aფადეევი, ვ.
_eავტორი
_93305
700 _aთავართქილაძე, ა.
_eთარგმნის რედაქტორი
_93306
942 _cBK
_2udc